Cities that Start with X, Y, and Z by Clue - Statistics

General Stats
  • This quiz has been taken 45 times
    22 since last reset
  • The average score is 12 of 20
Answer Stats
Clue City % Correct
Chinese city famous for the Terracotta Army Xi'an
89%
European financial hub known for its Old Town and luxury shopping Zurich
89%
Capital of Cameroon Yaoundé
84%
Largest Armenian speaking city Yerevan
84%
English city known for its well preserved medieval walls York
84%
World's only capital starting with Z Zagreb
84%
Capital of the Ivory Coast Yamoussoukro
74%
Spanish city famous for its Basílica del Pilar Zaragoza
68%
Japan’s major port city south of Tokyo Yokohama
63%
Chinese city which is the largest city starting with X, and is known for islands Xiamen
58%
Site of a 1945 conference where allied leaders discussed the final stages of WWII Yalta
58%
Capital of Nauru Yaren
58%
Capital of the Yukon Territory Yellowknife
53%
Formerly known as "Rangoon" Yangon
47%
Siberian city where the Romanovs were murdered in 1918 Yekaterinburg
47%
New York City suburb on the Hudson River Yonkers
42%
America's sunniest city with over 330 sunny days per year Yuma
21%
Croatian coastal city that is the oldest inhabited city in the nation Zadar
21%
Home to Stone Town’s spice and trade history Zanzibar
16%
Ukrainian city with a power plant which has been attacked by Russia multiple times Zaporizhzhia
16%
No matching quizzes found
Score Distribution
Percent of People with Each Score
Percentile by Number Answered
Your Score History
You have not taken this quiz since the last reset